[Event "DVM U14w 2003"]
[Site "Greifswald GER"]
[Date "2003.12.29"]
[Round "5"]
[White "Bochis, Julia"]
[Black "Meyer, Sandra"]
[Result "1/2-1/2"]
[Termination "normal"]
[Board "4.2"]
[WhiteElo "1172"]
[BlackElo "1231"]
[WhiteTeam "SF Hörden"]
[BlackTeam "SK König Plauen"]
[PlyCount "48"]
[WhiteFideId "24647276"]
[EventCountry "GER"]
[EventRounds "7"]
[EventType "team-swiss"]
[EventDate "2003.12.26"]

1. e4 c6 2. d4 d5 3. exd5 cxd5 4. Nf3 Nc6 5. Nc3 Nf6 6. Bd3 Bg4 7. Be3 e6 8. h3
Bh5 9. Be2 Bd6 10. O-O a6 11. Bg5 h6 12. Bh4 O-O 13. Nh2 Bxe2 14. Nxe2 Rc8 15.
Ng4 Be7 16. Bxf6 Bxf6 17. c3 Be7 18. f4 f5 19. Ne5 Nxe5 20. fxe5 Bg5 21. Nf4
Bxf4 22. Rxf4 Qg5 23. Qf3 h5 24. h4 Qg6 1/2-1/2

[Event "DVM U14w 2003"]
[Site "Greifswald GER"]
[Date "2003.12.29"]
[Round "5"]
[White "Walker, Maria"]
[Black "Immer, Carina"]
[Result "1-0"]
[Termination "normal"]
[Board "4.3"]
[WhiteElo "1104"]
[BlackElo "896"]
[WhiteTeam "SK König Plauen"]
[BlackTeam "SF Hörden"]
[PlyCount "67"]
[EventCountry "GER"]
[EventRounds "7"]
[EventType "team-swiss"]
[EventDate "2003.12.26"]

1. d4 d5 2. e4 dxe4 3. Nc3 Nf6 4. f3 e3 5. Bxe3 Nc6 6. Bb5 Bd7 7. Nge2 e6 8.
O-O Bd6 9. Qe1 Qe7 10. Ne4 Nxe4 11. fxe4 O-O-O 12. e5 Bb4 13. c3 Ba5 14. b4 Bb6
15. a4 a6 16. Bc4 Kb8 17. Qf2 Rdf8 18. b5 Na5 19. Bd3 axb5 20. axb5 h6 21. d5
Bxe3 22. Qxe3 b6 23. c4 exd5 24. cxd5 Qd8 25. Nd4 Qg5 26. Qe4 Re8 27. e6 fxe6
28. dxe6 Bc8 29. Rf5 Qd2 30. Rf2 Qg5 31. Rxa5 Bb7 32. Nc6+ Kc8 33. Ra7 Qc5 34.
Ne7+ 1-0

[Event "DVM U14w 2003"]
[Site "Greifswald GER"]
[Date "2003.12.29"]
[Round "5"]
[White "Vollak, Marleen"]
[Black "Mucha, Annegret"]
[Result "1-0"]
[Termination "normal"]
[Board "5.1"]
[WhiteElo "1636"]
[BlackElo "1554"]
[WhiteTeam "SV Glück Auf Rüdersdorf"]
[BlackTeam "SV Empor Erfurt"]
[PlyCount "105"]
[WhiteFideId "24624233"]
[BlackFideId "24622788"]
[EventCountry "GER"]
[EventRounds "7"]
[EventType "team-swiss"]
[EventDate "2003.12.26"]

1. d4 d5 2. c4 e6 3. Nc3 f5 4. Bf4 c6 5. Nf3 Nf6 6. e3 Be7 7. Bd3 O-O 8. O-O
Ne4 9. Ne5 Nd7 10. Nxd7 Bxd7 11. Rc1 Rf6 12. f3 Nxc3 13. Rxc3 Be8 14. c5 Bh5
15. b4 a6 16. Qe2 Rf8 17. Ra1 g5 18. Be5 Bf6 19. Bd6 Rf7 20. a4 Qd7 21. Rca3 f4
22. b5 a5 23. Rb1 Rg7 24. Kh1 Qf7 25. Rab3 g4 26. bxc6 gxf3 27. gxf3 Be7 28.
cxb7 Rf8 29. b8=Q fxe3 30. Qxf8+ Bxf8 31. Rf1 Bxd6 32. cxd6 Qf8 33. Qxe3 Qxd6
34. Rg1 Rxg1+ 35. Kxg1 Qe7 36. Rb8+ Kg7 37. Qe5+ Kh6 38. f4 Qg7+ 39. Qxg7+ Kxg7
40. Rb7+ Kf6 41. Rxh7 Be8 42. Bb5 Bg6 43. Ra7 Kf5 44. Bd7 Bf7 45. Rxa5 Kxf4 46.
Ra8 Ke4 47. Rf8 Bh5 48. Bxe6 Kxd4 49. Bxd5 Bd1 50. Rd8 Kc5 51. Ra8 Bxa4 52.
Rxa4 Kxd5 53. Rg4 1-0

[Event "DVM U14w 2003"]
[Site "Greifswald GER"]
[Date "2003.12.29"]
[Round "5"]
[White "Adomeit, Lena"]
[Black "Gahn, Cornelia"]
[Result "0-1"]
[Termination "normal"]
[Board "6.2"]
[WhiteElo "817"]
[BlackElo "1275"]
[WhiteTeam "TTC GW Fritzdorf 58"]
[BlackTeam "ESV Delitzsch"]
[PlyCount "75"]
[WhiteFideId "24659363"]
[EventCountry "GER"]
[EventRounds "7"]
[EventType "team-swiss"]
[EventDate "2003.12.26"]

1. d4 d5 2. c4 e6 3. e3 Nf6 4. Nf3 Be7 5. Be2 O-O 6. O-O Nbd7 7. Nc3 c6 8. Bd2
b6 9. b3 Bb7 10. Bd3 Re8 11. b4 Bxb4 12. a3 Bxc3 13. Bxc3 c5 14. dxc5 bxc5 15.
cxd5 exd5 16. Bxf6 Nxf6 17. Qb1 Rb8 18. Ng5 Ba6 19. Bxh7+ Kf8 20. Qc2 Bxf1 21.
Rxf1 Qe7 22. Re1 Nxh7 23. Nxh7+ Kg8 24. g3 g6 25. Rd1 Rbd8 26. Rc1 c4 27. Re1
Kxh7 28. h4 Qc7 29. Qc3 d4 30. exd4 Rxe1+ 31. Qxe1 Rxd4 32. Qe3 Rd3 33. Qc1 c3
34. Qg5 c2 35. h5 c1=Q+ 36. Qxc1 Qxc1+ 37. Kg2 gxh5 38. f3 0-1

[Event "DVM U14w 2003"]
[Site "Greifswald GER"]
[Date "2003.12.29"]
[Round "6"]
[White "Nuber, Helene"]
[Black "Ohme, Melanie"]
[Result "1/2-1/2"]
[Termination "normal"]
[Board "1.1"]
[WhiteElo "1686"]
[BlackElo "1948"]
[WhiteTeam "SC Schwabmünchen"]
[BlackTeam "SC Leipzig-Gohlis"]
[PlyCount "26"]
[WhiteFideId "24613045"]
[BlackFideId "4690745"]
[EventCountry "GER"]
[EventRounds "7"]
[EventType "team-swiss"]
[EventDate "2003.12.26"]

1. e4 c5 2. Nc3 Nc6 3. g3 g6 4. Bg2 Bg7 5. d3 d6 6. f4 e6 7. Nf3 Nge7 8. O-O
O-O 9. Rb1 Rb8 10. Be3 Nd4 11. Ne2 Nxf3+ 12. Bxf3 b6 13. Bd2 d5 1/2-1/2

[Event "DVM U14w 2003"]
[Site "Greifswald GER"]
[Date "2003.12.29"]
[Round "6"]
[White "Nieberle, Julia"]
[Black "Riedel, Kristina"]
[Result "1/2-1/2"]
[Termination "normal"]
[Board "1.3"]
[WhiteElo "1275"]
[BlackElo "1467"]
[WhiteTeam "SC Schwabmünchen"]
[BlackTeam "SC Leipzig-Gohlis"]
[PlyCount "36"]
[BlackFideId "24659282"]
[EventCountry "GER"]
[EventRounds "7"]
[EventType "team-swiss"]
[EventDate "2003.12.26"]

1. e4 e5 2. Nf3 Nc6 3. Bc4 Bc5 4. Nc3 d6 5. d3 Bg4 6. h3 Bh5 7. Be3 Bb6 8. g4
Bg6 9. Qd2 f6 10. O-O Nd4 11. Bxd4 exd4 12. Ne2 c5 13. c3 dxc3 14. Nxc3 Ne7 15.
d4 cxd4 16. Nxd4 Bf7 17. Bxf7+ Kxf7 18. Nf3 Rc8 1/2-1/2

[Event "DVM U14w 2003"]
[Site "Greifswald GER"]
[Date "2003.12.29"]
[Round "6"]
[White "Feist, Andra"]
[Black "Gossmann, Anna Maria"]
[Result "1-0"]
[Termination "normal"]
[Board "2.2"]
[WhiteElo "1392"]
[BlackElo "1502"]
[WhiteTeam "Franckesche Stiftungen Halle"]
[BlackTeam "SG Porz"]
[PlyCount "105"]
[EventCountry "GER"]
[EventRounds "7"]
[EventType "team-swiss"]
[EventDate "2003.12.26"]

1. e4 e5 2. Nf3 Nc6 3. Bc4 Bc5 4. d3 d6 5. h3 Nf6 6. Nc3 Be6 7. Bb3 h6 8. Be3
Bb6 9. O-O Qd7 10. Bxe6 fxe6 11. Qd2 O-O-O 12. Bxb6 axb6 13. a4 d5 14. exd5
exd5 15. Rfe1 Rde8 16. d4 e4 17. Nh2 g5 18. f3 Rhf8 19. fxe4 Nxe4 20. Nxe4 dxe4
21. d5 Rf5 22. c4 Qd6 23. Qd1 Qc5+ 24. Kh1 Nb4 25. Qg4 Qf8 26. Rxe4 Rxe4 27.
Qxe4 Kb8 28. Re1 Rf4 29. Qe8+ Qxe8 30. Rxe8+ Ka7 31. b3 Rf6 32. Re6 Rxe6 33.
dxe6 Nc6 34. Ng4 h5 35. Ne5 Ne7 36. Kh2 Kb8 37. Nf7 Kc8 38. Nxg5 h4 39. g3
hxg3+ 40. Kxg3 Kd8 41. Kf4 Ng8 42. Kf5 Ke7 43. h4 Kf8 44. Kg6 Ne7+ 45. Kf6 Ng8+
46. Kg6 Ne7+ 47. Kh7 Nf5 48. h5 Ne7 49. Nf7 Nf5 50. Kg6 Ne7+ 51. Kf6 Ng8+ 52.
Ke5 Ke8 53. h6 1-0

[Event "DVM U14w 2003"]
[Site "Greifswald GER"]
[Date "2003.12.29"]
[Round "6"]
[White "Karmann, Anna"]
[Black "Obereigner, Julia"]
[Result "1-0"]
[Termination "normal"]
[Board "2.3"]
[WhiteElo "1458"]
[BlackElo "1222"]
[WhiteTeam "SG Porz"]
[BlackTeam "Franckesche Stiftungen Halle"]
[PlyCount "83"]
[WhiteFideId "24648000"]
[EventCountry "GER"]
[EventRounds "7"]
[EventType "team-swiss"]
[EventDate "2003.12.26"]

1. c4 e5 2. Nc3 Nf6 3. g3 Bc5 4. Bg2 c6 5. e4 d6 6. Nge2 O-O 7. O-O Be6 8. b3
Qd7 9. d4 Bb4 10. d5 Bg4 11. Qc2 Bh3 12. Bb2 Bxg2 13. Kxg2 Qg4 14. h3 Qg6 15.
Rac1 Nh5 16. Kh2 Nd7 17. a3 Ba5 18. dxc6 bxc6 19. Rcd1 Bc7 20. b4 f5 21. Qd3 c5
22. exf5 Qxf5 23. Qxf5 Rxf5 24. g4 Rg5 25. gxh5 Rxh5 26. Ne4 Rh6 27. bxc5 Nxc5
28. Nxc5 dxc5 29. Rd7 Rc8 30. Ng3 Rb6 31. Rd2 e4 32. Re1 Re8 33. Kg2 Bf4 34.
Rde2 Bxg3 35. fxg3 Kf7 36. Bc1 Rbe6 37. Be3 Re5 38. Bf4 R5e6 39. Rf1 Kg6 40.
Rd1 Ra6 41. Rd6+ Rxd6 42. Bxd6 1-0

[Event "DVM U14w 2003"]
[Site "Greifswald GER"]
[Date "2003.12.29"]
[Round "6"]
[White "Müller, Johanna"]
[Black "Hiller, Eugenia"]
[Result "0-1"]
[Termination "normal"]
[Board "2.4"]
[WhiteElo "999"]
[BlackElo "1208"]
[WhiteTeam "Franckesche Stiftungen Halle"]
[BlackTeam "SG Porz"]
[PlyCount "96"]
[EventCountry "GER"]
[EventRounds "7"]
[EventType "team-swiss"]
[EventDate "2003.12.26"]

1. e4 e5 2. Nf3 Nc6 3. Nc3 Bc5 4. Bc4 Nf6 5. d3 d6 6. O-O Be6 7. Bb3 Qd7 8. Be3
Bb6 9. Bd5 O-O-O 10. Bxe6 fxe6 11. d4 exd4 12. Nxd4 e5 13. Nf3 Bxe3 14. fxe3
Rdf8 15. Qd3 h5 16. h3 g6 17. Nd5 Qg7 18. Ng5 Nd8 19. Rf2 Nxd5 20. Rxf8 Rxf8
21. Qxd5 Qf6 22. Nh7 Qf2+ 23. Kh1 Rh8 24. Ng5 Qxe3 25. Ne6 Qg3 26. Nxd8 Rxd8
27. Rf1 Qg5 28. Rf7 Qc1+ 29. Kh2 Qxc2 30. Qa5 b6 31. Qxa7 Qc6 32. Qa6+ Kb8 33.
a4 Rg8 34. a5 Qb7 35. Qb5 bxa5 36. Qxa5 Qa7 37. Qb4+ Kc8 38. Qc4 Rd8 39. Qb3
Qb8 40. Qe6+ Kb7 41. Qxg6 Kc8 42. Rf5 Qxb2 43. Rxh5 Rf8 44. Rg5 Rf4 45. Qh7 Qc2
46. h4 Qf2 47. Rg3 Qe1 48. Kh3 Qh1# 0-1

[Event "DVM U14w 2003"]
[Site "Greifswald GER"]
[Date "2003.12.29"]
[Round "6"]
[White "Reh, Theresa"]
[Black "Gahn, Juliane"]
[Result "1-0"]
[Termination "normal"]
[Board "3.1"]
[WhiteElo "1567"]
[BlackElo "1342"]
[WhiteTeam "SK König Plauen"]
[BlackTeam "ESV Delitzsch"]
[PlyCount "65"]
[EventCountry "GER"]
[EventRounds "7"]
[EventType "team-swiss"]
[EventDate "2003.12.26"]

1. e4 c5 2. Nf3 e6 3. d4 cxd4 4. Nxd4 a6 5. Bd3 Nf6 6. O-O Qc7 7. Nc3 Bd6 8. h3
b5 9. a3 Bb7 10. Qe2 O-O 11. Kh1 Qb6 12. Nb3 Nc6 13. f4 Ne8 14. Be3 Qd8 15. Nc5
Bxc5 16. Bxc5 d6 17. Be3 Rc8 18. Qf2 Qe7 19. Qg3 Nf6 20. Rad1 Qc7 21. Qh4 e5
22. f5 Na5 23. Bg5 Nd7 24. f6 Nc4 25. Bxc4 Qxc4 26. fxg7 Rfe8 27. Rfe1 Re6 28.
Rf1 Rg6 29. Rf5 Rxg7 30. Rxd6 Nf8 31. Bh6 Rg6 32. Rxg6+ fxg6 33. Qe7 1-0

[Event "DVM U14w 2003"]
[Site "Greifswald GER"]
[Date "2003.12.29"]
[Round "6"]
[White "Walker, Maria"]
[Black "Reinsdorf, Christin"]
[Result "1-0"]
[Termination "normal"]
[Board "3.3"]
[WhiteElo "1104"]
[BlackElo "1282"]
[WhiteTeam "SK König Plauen"]
[BlackTeam "ESV Delitzsch"]
[PlyCount "73"]
[EventCountry "GER"]
[EventRounds "7"]
[EventType "team-swiss"]
[EventDate "2003.12.26"]

1. d4 d5 2. e4 e6 3. Be3 Be7 4. Nd2 Nc6 5. c3 Nf6 6. Bd3 e5 7. Ngf3 Bg4 8. Qc2
Bxf3 9. Nxf3 exd4 10. Nxd4 Nxd4 11. Bxd4 dxe4 12. Bxe4 Nxe4 13. Qxe4 O-O 14.
O-O-O f5 15. Qxb7 Qb8 16. Qxb8 Rfxb8 17. Be5 Rb7 18. Rd7 Re8 19. f4 a6 20. Rxc7
Rxc7 21. Bxc7 Bc5 22. Be5 Rd8 23. Rd1 Re8 24. Rd7 Be7 25. Ra7 a5 26. Rxa5 h6
27. Rb5 g5 28. Rb8 Rxb8 29. Bxb8 Bc5 30. fxg5 hxg5 31. b4 Be3+ 32. Kc2 f4 33.
Be5 g4 34. Bd4 Bxd4 35. cxd4 f3 36. gxf3 gxf3 37. Kd2 1-0

[Event "DVM U14w 2003"]
[Site "Greifswald GER"]
[Date "2003.12.29"]
[Round "6"]
[White "Fritsche, Miriam"]
[Black "Schlegel, Jessica"]
[Result "0-1"]
[Termination "normal"]
[Board "3.4"]
[WhiteElo "502"]
[BlackElo "1284"]
[WhiteTeam "ESV Delitzsch"]
[BlackTeam "SK König Plauen"]
[PlyCount "48"]
[EventCountry "GER"]
[EventRounds "7"]
[EventType "team-swiss"]
[EventDate "2003.12.26"]

1. e4 c5 2. Nc3 Nc6 3. Bb5 d6 4. Nf3 a6 5. Be2 Nf6 6. d3 e6 7. Bg5 Be7 8. O-O
Qc7 9. Qd2 b5 10. h3 Bb7 11. d4 cxd4 12. Nxd4 b4 13. Na4 d5 14. exd5 Ne4 15.
Bf4 Nxd2 16. Bxc7 Nxd4 17. Rfe1 Bxd5 18. Rad1 Nxc2 19. Rxd2 Nxe1 20. g3 Rc8 21.
Be5 Nf3+ 22. Bxf3 Bxf3 23. Bxg7 Rc1+ 24. Kh2 Rh1# 0-1

[Event "DVM U14w 2003"]
[Site "Greifswald GER"]
[Date "2003.12.29"]
[Round "6"]
[White "Zikeli, Saskia"]
[Black "Vollak, Marleen"]
[Result "1/2-1/2"]
[Termination "normal"]
[Board "4.1"]
[WhiteElo "1867"]
[BlackElo "1636"]
[WhiteTeam "TSV Heumaden"]
[BlackTeam "SV Glück Auf Rüdersdorf"]
[PlyCount "64"]
[WhiteFideId "24601543"]
[BlackFideId "24624233"]
[EventCountry "GER"]
[EventRounds "7"]
[EventType "team-swiss"]
[EventDate "2003.12.26"]

1. e4 c5 2. Nf3 e6 3. d4 cxd4 4. Nxd4 a6 5. Bd3 Qc7 6. O-O Nf6 7. Qe2 Nc6 8.
Nb3 Be7 9. f4 d6 10. Nc3 O-O 11. Bd2 Rb8 12. Rad1 Rd8 13. e5 Ne8 14. Rf3 g6 15.
Kh1 d5 16. Rh3 Nb4 17. Qf2 Nxd3 18. cxd3 Ng7 19. Rc1 Qd7 20. Ne2 Qe8 21. Ba5
Rd7 22. Bb6 Bd8 23. Bxd8 Qxd8 24. d4 b6 25. Rhc3 Bb7 26. Ng1 Rc8 27. Qc2 Rxc3
28. Qxc3 Ne8 29. Ne2 Rc7 30. Qd2 Rxc1+ 31. Qxc1 Ng7 32. Qc3 Ne8 1/2-1/2

[Event "DVM U14w 2003"]
[Site "Greifswald GER"]
[Date "2003.12.29"]
[Round "6"]
[White "Wolf, Carolin"]
[Black "Fröschle, Luzie"]
[Result "1/2-1/2"]
[Termination "normal"]
[Board "4.2"]
[WhiteElo "1221"]
[BlackElo "1182"]
[WhiteTeam "SV Glück Auf Rüdersdorf"]
[BlackTeam "TSV Heumaden"]
[PlyCount "61"]
[WhiteFideId "24628034"]
[BlackFideId "24631221"]
[EventCountry "GER"]
[EventRounds "7"]
[EventType "team-swiss"]
[EventDate "2003.12.26"]

1. e4 c6 2. d4 d5 3. exd5 cxd5 4. Bd3 Nf6 5. h3 Nc6 6. Nf3 e6 7. Bf4 Bd6 8.
Bxd6 Qxd6 9. c3 O-O 10. O-O b6 11. Re1 Bb7 12. Nbd2 Rac8 13. Ne5 Nd7 14. Nxd7
Qxd7 15. Nf3 Qe7 16. Re3 Rc7 17. Qd2 Rfc8 18. Rae1 Na5 19. Qc1 Nc4 20. R3e2 b5
21. a3 a5 22. Ne5 Ba6 23. Nxc4 bxc4 24. Bb1 Rb8 25. Re3 Rcb7 26. R1e2 Qc7 27.
Rd2 Qf4 28. Ba2 Qc7 29. Ree2 Bb5 30. Qc2 Qc6 31. Qc1 1/2-1/2

[Event "DVM U14w 2003"]
[Site "Greifswald GER"]
[Date "2003.12.29"]
[Round "6"]
[White "Gheng, Hannelore"]
[Black "Heider, Julia"]
[Result "1-0"]
[Termination "normal"]
[Board "4.3"]
[WhiteElo "1168"]
[BlackElo "718"]
[WhiteTeam "TSV Heumaden"]
[BlackTeam "SV Glück Auf Rüdersdorf"]
[PlyCount "85"]
[WhiteFideId "4637887"]
[EventCountry "GER"]
[EventRounds "7"]
[EventType "team-swiss"]
[EventDate "2003.12.26"]

1. e4 e5 2. Nf3 Nc6 3. Bb5 Bc5 4. c3 Nge7 5. d4 exd4 6. cxd4 Bb4+ 7. Nc3 d6 8.
d5 Bd7 9. dxc6 Bxc6 10. Bxc6+ Nxc6 11. O-O Qd7 12. a3 Bxc3 13. bxc3 O-O-O 14.
Rb1 h6 15. Be3 Rdg8 16. e5 d5 17. c4 dxc4 18. Qxd7+ Kxd7 19. Rxb7 Kc8 20. Bxa7
Kxb7 21. Bc5 c3 22. Rc1 Rd8 23. Kf1 g5 24. Rxc3 g4 25. Rb3+ Kc8 26. Nh4 Nxe5
27. Be7 Rd7 28. Bf6 Re8 29. Re3 Rd5 30. Nf5 Kd7 31. Nxh6 Ke6 32. Nxg4 Kf5 33.
Nxe5 Kxf6 34. Ng4+ Kf5 35. Rxe8 Kxg4 36. Re7 c5 37. Rxf7 c4 38. Rc7 Rd4 39. Ke2
Kf4 40. f3 Ke5 41. Ke3 Kd5 42. Rd7+ Kc5 43. Rxd4 1-0

[Event "DVM U14w 2003"]
[Site "Greifswald GER"]
[Date "2003.12.29"]
[Round "6"]
[White "Bochis, Julia"]
[Black "Vales, Laura"]
[Result "1/2-1/2"]
[Termination "normal"]
[Board "6.2"]
[WhiteElo "1172"]
[BlackElo "1194"]
[WhiteTeam "SF Hörden"]
[BlackTeam "SV Motor Eberswalde"]
[PlyCount "83"]
[WhiteFideId "24647276"]
[EventCountry "GER"]
[EventRounds "7"]
[EventType "team-swiss"]
[EventDate "2003.12.26"]

1. e4 e6 2. d4 d5 3. exd5 exd5 4. Bd3 Nf6 5. c3 c6 6. Nf3 Bd6 7. O-O O-O 8. Bg5
h6 9. Bh4 Bg4 10. h3 Bh5 11. Nbd2 Re8 12. Re1 Rxe1+ 13. Qxe1 Nbd7 14. Qe2 Qc7
15. Bf5 Bxf3 16. Nxf3 Nh5 17. Bxd7 Qxd7 18. Ne5 Bxe5 19. Qxe5 g5 20. Qe2 Nf4
21. Qf3 Re8 22. Bg3 Ne2+ 23. Kf1 Nxg3+ 24. Qxg3 Qe6 25. Qf3 Kg7 26. Qd1 b6 27.
Qg4 Qxg4 28. hxg4 Kg6 29. Re1 Rxe1+ 30. Kxe1 f5 31. f3 f4 32. Ke2 Kf6 33. Kd3
Ke6 34. a4 Kd6 35. Kc2 c5 36. Kd3 c4+ 37. Kc2 a5 38. Kb1 Kc6 39. Ka2 b5 40.
axb5+ Kxb5 41. Ka3 a4 42. Ka2 1/2-1/2

[Event "DVM U14w 2003"]
[Site "Greifswald GER"]
[Date "2003.12.29"]
[Round "6"]
[White "Briak, Nicole"]
[Black "Immer, Carina"]
[Result "1-0"]
[Termination "normal"]
[Board "6.3"]
[WhiteElo "1264"]
[BlackElo "896"]
[WhiteTeam "SV Motor Eberswalde"]
[BlackTeam "SF Hörden"]
[PlyCount "89"]
[EventCountry "GER"]
[EventRounds "7"]
[EventType "team-swiss"]
[EventDate "2003.12.26"]

1. d4 d5 2. Nf3 Nf6 3. e3 e6 4. b3 Be7 5. Bb2 O-O 6. Bd3 Nbd7 7. Nbd2 b6 8. O-O
c5 9. Ne5 Nxe5 10. dxe5 Nd7 11. Rc1 f6 12. f4 Bb7 13. Rf3 f5 14. Rh3 h6 15. g4
Qe8 16. Qf3 Qg6 17. Qg3 Qxg4 18. Qxg4 fxg4 19. Rg3 c4 20. bxc4 dxc4 21. Bxc4
Bd5 22. Bxd5 exd5 23. Rxg4 Bc5 24. Bd4 Bxd4 25. exd4 Nb8 26. c4 dxc4 27. Nxc4
Nc6 28. Rd1 Nb4 29. a3 Rac8 30. Nd6 Nc2 31. Nxc8 Ne3 32. Ne7+ Kh7 33. Ng6 Rf7
34. Rg3 Nxd1 35. e6 Rc7 36. e7 Rc8 37. d5 Re8 38. d6 Kg8 39. d7 Rxe7 40. Nxe7+
Kf7 41. d8=Q a5 42. Nf5 Ke6 43. Nxg7+ Kf7 44. Qe8+ Kf6 45. Qe6# 1-0

[Event "DVM U14w 2003"]
[Site "Greifswald GER"]
[Date "2003.12.29"]
[Round "6"]
[White "Adomeit, Lena"]
[Black "Bethge, Johanna"]
[Result "1/2-1/2"]
[Termination "normal"]
[Board "7.2"]
[WhiteElo "817"]
[BlackElo "1094"]
[WhiteTeam "TTC GW Fritzdorf 58"]
[BlackTeam "SV Empor Erfurt"]
[PlyCount "78"]
[WhiteFideId "24659363"]
[BlackFideId "24664898"]
[EventCountry "GER"]
[EventRounds "7"]
[EventType "team-swiss"]
[EventDate "2003.12.26"]

1. d4 d5 2. c4 c6 3. e3 Bf5 4. Nf3 Nd7 5. Be2 e6 6. O-O Ngf6 7. Nc3 Be7 8. a3
O-O 9. Bd2 b6 10. b4 Ne4 11. h3 Ndf6 12. Nxe4 Bxe4 13. Ne5 Qc7 14. Qa4 Rac8 15.
Rac1 Bd6 16. Bc3 Bxe5 17. dxe5 Nd7 18. cxd5 exd5 19. Ba6 Rce8 20. b5 Nxe5 21.
Bxe5 Rxe5 22. bxc6 Bf5 23. Bb7 Bc8 24. Qxa7 Re7 25. Qa4 Bxb7 26. cxb7 Qxb7 27.
Qb5 h6 28. Rc6 Rd8 29. Rxb6 Qa7 30. a4 Kh7 31. a5 d4 32. exd4 Rxd4 33. a6 Rd8
34. Rb7 Rxb7 35. axb7 Rb8 36. Qb1+ g6 37. Qe4 Qxb7 38. Qxb7 Rxb7 39. f3 h5
1/2-1/2